[Event "OLNN 2122 Preetzer TSV - SK Johanneum E"]
[Site "?"]
[Date "2021.10.31"]
[Round "1.4"]
[White "Moeller, Dustin"]
[Black "Schroeder, Christoph"]
[Result "1-0"]
[WhiteElo "2222"]
[BlackElo "2163"]
[PlyCount "117"]
[EventDate "2021.??.??"]

1. d4 Nf6 2. c4 e6 3. Nf3 d5 4. Nc3 Be7 5. Bf4 O-O 6. e3 b6 7. Bd3 dxc4 8. Bxc4
Bb7 9. O-O a6 10. Qe2 b5 11. Bd3 c5 12. dxc5 Bxc5 13. Rfd1 Qe7 14. Rac1 Nbd7
15. Nd2 e5 16. Bg5 Qe6 17. Nde4 Be7 18. Ng3 g6 19. Bc2 Rfe8 20. Bb3 Qb6 21. e4
Rad8 22. Be3 Bc5 23. Bxc5 Nxc5 24. Nd5 Bxd5 25. Bxd5 Rd6 26. Qe3 Ne6 27. Qxb6
Rxb6 28. Bxe6 Rexe6 29. f3 Rbc6 30. Nf1 Rxc1 31. Rxc1 Rd6 32. Kf2 Nd7 33. Ke2
Nf8 34. Ne3 Ne6 35. Nd5 Nf4+ 36. Nxf4 exf4 37. g3 fxg3 38. hxg3 h5 39. Ke3 Kf8
40. f4 Ke7 41. e5 Re6 42. Rc7+ Ke8 43. Kd4 f6 44. Kd5 Rb6 45. e6 b4 46. Rg7
Rb5+ 47. Kd6 Rb6+ 48. Kd5 Rb5+ 49. Ke4 Rb6 50. f5 b3 51. a3 Rb5 52. Rxg6 Re5+
53. Kf4 Re2 54. Rxf6 Rxb2 55. Rf7 Rb1 56. Rb7 b2 57. Kg5 Rg1 58. Rxb2 Rxg3+ 59.
Kf6 1-0

[Event "OLNN 2122 Preetzer TSV - SK Johanneum E"]
[Site "?"]
[Date "2021.10.31"]
[Round "1.5"]
[White "Zart, Ruediger"]
[Black "Schwarzat, Julian"]
[Result "1-0"]
[WhiteElo "2123"]
[BlackElo "2131"]
[PlyCount "97"]
[EventDate "2021.??.??"]

1. e4 e6 2. d4 d5 3. Nd2 Be7 4. Bd3 Nc6 5. Ngf3 Nb4 6. Be2 dxe4 7. Nxe4 Nf6 8.
Nxf6+ Bxf6 9. c3 Nd5 10. O-O O-O 11. Re1 b6 12. Bd3 Bb7 13. Be4 Qc8 14. Ng5
Bxg5 15. Bxg5 f6 16. Qh5 f5 17. Bc2 c5 18. Rad1 Qc6 19. f3 Rae8 20. Bb3 c4 21.
Bc2 b5 22. Bd2 a5 23. Re5 Nf6 24. Qh3 Nd7 25. Re2 Qd6 26. a3 Bd5 27. Rde1 g6
28. Qh4 f4 29. Qg5 Kg7 30. h4 Rf6 31. Re5 Ref8 32. Qg4 Nxe5 33. dxe5 Qb6+ 34.
Kf1 R6f7 35. h5 g5 36. Qxg5+ Kh8 37. h6 Rg8 38. Qh5 Qb7 39. Be4 Bxe4 40. Rxe4
Rf5 41. Qh4 Qd5 42. Rd4 Qxe5 43. Bxf4 Qc5 44. Bd6 Rxf3+ 45. gxf3 Qf5 46. Kf2
Qc2+ 47. Ke3 Qc1+ 48. Rd2 Qg1+ 49. Qf2 1-0

[Event "OLNN 2122 Preetzer TSV - SK Johanneum E"]
[Site "?"]
[Date "2021.10.31"]
[Round "1.6"]
[White "Willsch, Matthias"]
[Black "Keyser, Robin"]
[Result "1/2-1/2"]
[WhiteElo "2168"]
[BlackElo "2069"]
[PlyCount "100"]
[EventDate "2021.??.??"]

1. d4 Nf6 2. c4 e6 3. Nf3 b6 4. g3 Ba6 5. Qb3 d5 6. cxd5 exd5 7. Bg5 Be7 8. Nc3
c6 9. Bg2 O-O 10. O-O Nbd7 11. Rfe1 Bb7 12. Rad1 Re8 13. Bf4 Bf8 14. e4 dxe4
15. Ng5 Nd5 16. Bxe4 N7f6 17. Nxd5 cxd5 18. Bg2 h6 19. Nf3 Ne4 20. Ne5 Re7 21.
Rc1 Rc8 22. f3 Nd6 23. Bh3 Rxc1 24. Rxc1 Nc4 25. Re1 g5 26. Bc1 Bg7 27. f4 f6
28. Nf3 Rxe1+ 29. Nxe1 f5 30. Qd3 g4 31. Bg2 Nd6 32. Nc2 Ne4 33. Be3 Qc8 34.
Bf1 h5 35. Ne1 Bf6 36. Qc2 Qxc2 37. Nxc2 h4 38. gxh4 Bxh4 39. Bd3 Kf7 40. Kg2
Ke6 41. h3 gxh3+ 42. Kxh3 Bf6 43. Kg2 Nd6 44. Kf2 Bc6 45. Nb4 Be8 46. Na6 Bh4+
47. Ke2 Bh5+ 48. Kf1 Bf3 49. Nc7+ Kd7 50. Nb5 Nxb5 1/2-1/2

[Event "OLNN 2122 Preetzer TSV - SK Johanneum E"]
[Site "?"]
[Date "2021.10.31"]
[Round "1.7"]
[White "Wenzel, Birger"]
[Black "Dittmann, Hans-Adolf"]
[Result "1-0"]
[WhiteElo "1974"]
[BlackElo "2069"]
[PlyCount "69"]
[EventDate "2021.??.??"]

1. Nf3 Nf6 2. g3 g6 3. b3 Bg7 4. Bg2 O-O 5. Bb2 d6 6. d4 e5 7. dxe5 Ng4 8. Qd2
Nc6 9. O-O Ngxe5 10. c4 Nxf3+ 11. Bxf3 Bxb2 12. Qxb2 Bh3 13. Rd1 Ne5 14. Bxb7
Rb8 15. Bd5 c6 16. Bg2 Bxg2 17. Kxg2 Qe7 18. Qd2 Rbd8 19. Nc3 f5 20. e3 g5 21.
Ne2 Rf6 22. h3 Qe8 23. f4 Ng4 24. hxg4 Qe4+ 25. Kf2 Rh6 26. Rf1 Rh2+ 27. Ke1
Re8 28. Rd1 fxg4 29. Qd3 Qg2 30. fxg5 Re6 31. Rf4 Rh1+ 32. Kd2 Rxd1+ 33. Kxd1
Qh1+ 34. Kd2 Qa1 35. Qf5 1-0

[Event "OLNN 2122 Preetzer TSV - SK Johanneum E"]
[Site "?"]
[Date "2021.10.31"]
[Round "1.8"]
[White "Kornrumpf, Joachim"]
[Black "Schueler, Hendrik"]
[Result "1-0"]
[WhiteElo "2043"]
[BlackElo "2063"]
[PlyCount "103"]
[EventDate "2021.??.??"]

1. b3 d5 2. Bb2 Bg4 3. d3 Nd7 4. c4 c6 5. Nd2 e6 6. Ngf3 Ngf6 7. e3 Bd6 8. Be2
O-O 9. O-O a5 10. a3 Qb8 11. h3 Bh5 12. d4 b5 13. cxd5 cxd5 14. Rc1 Qb7 15. Ne5
Bxe2 16. Qxe2 Rfc8 17. Nxd7 Qxd7 18. Nf3 Ne4 19. Ne5 Bxe5 20. dxe5 a4 21. b4
Rc4 22. Rxc4 bxc4 23. Rc1 Rc8 24. f3 Ng3 25. Qd2 Qc6 26. Bd4 Nf5 27. Bc5 Qc7
28. Qc3 Qc6 29. Kf2 Nh4 30. Qd4 Ng6 31. Rc3 Qb7 32. h4 Ne7 33. f4 Nf5 34. Qd1
Qb5 35. h5 Qe8 36. g4 Nh6 37. e4 Rd8 38. Bd6 Qb5 39. g5 d4 40. Qxd4 Ng4+ 41.
Kg3 f5 42. exf5 Qb7 43. fxe6 Qh1 44. Kxg4 Qg2+ 45. Kf5 g6+ 46. Kf6 Qg4 47. hxg6
hxg6 48. Qe4 Kh8 49. Rc1 Qh5 50. Rh1 Qxh1 51. Qxh1+ Kg8 52. Qh6 1-0

[Event "OLNN 2122 Lübecker SV - Preetzer TSV"]
[Site "?"]
[Date "2021.11.21"]
[Round "2.1"]
[White "Ochsner, Bjorn Moller"]
[Black "Kalinitschew, Sergey"]
[Result "0-1"]
[WhiteElo "2506"]
[BlackElo "2412"]
[PlyCount "156"]
[EventDate "2021.??.??"]

1. e4 c5 2. Nf3 Nc6 3. Bb5 e6 4. O-O Nge7 5. Re1 Ng6 6. c3 Be7 7. d4 cxd4 8.
cxd4 d5 9. e5 O-O 10. Nc3 f6 11. exf6 Bxf6 12. Be3 Be7 13. Bd3 Nf4 14. Bc2 Qe8
15. g3 Nh3+ 16. Kg2 Qh5 17. Bd3 g5 18. Ne5 Qxd1 19. Rexd1 Nxe5 20. dxe5 g4 21.
f4 Bd7 22. Nb5 a6 23. Nd4 Bc5 24. Nf5 Rxf5 25. Bxc5 Rf7 26. Rac1 Bb5 27. Bb1
Be2 28. Rd2 Bf3+ 29. Kf1 Rc8 30. Rc3 Ng5 31. Bd4 Rxc3 32. bxc3 Ne4 33. Rb2 b5
34. Ke1 Rc7 35. Rb3 Kf7 36. Bd3 h5 37. Bb1 Rc4 38. Rb4 Rc8 39. Rb3 h4 40. gxh4
Rh8 41. c4 Rxh4 42. cxb5 axb5 43. Bg1 Kg6 44. Rxb5 Kf5 45. a4 Kxf4 46. a5 g3
47. Rb2 Kxe5 48. a6 Nc3 49. Bd3 Ra4 50. Kd2 Ne4+ 51. Ke3 Ra3 52. a7 Bg4 53. Rb4
Rxa7 54. Bxe4 Ra3+ 55. Bd3 Bf5 56. hxg3 Rxd3+ 57. Ke2 Ra3 58. g4 Be4 59. Be3
Ra2+ 60. Bd2 Ra3 61. Be3 Ra2+ 62. Bd2 Kf6 63. Rb3 Ra4 64. Rb4 Rxb4 65. Bxb4 d4
66. Bc5 e5 67. Bd6 Ke6 68. Ba3 Kd5 69. Bc1 Bg6 70. Bg5 Be8 71. Bd8 Bd7 72. g5
Bg4+ 73. Kf2 e4 74. Ba5 e3+ 75. Kg3 Bh5 76. Bb4 Kc4 77. Ba5 Kd3 78. Kf4 Ke2 0-1

[Event "OLNN 2122 Lübecker SV - Preetzer TSV"]
[Site "?"]
[Date "2021.11.21"]
[Round "2.2"]
[White "Kreuzholz, Michael"]
[Black "Pedersen, Steffen"]
[Result "0-1"]
[WhiteElo "2334"]
[BlackElo "2333"]
[PlyCount "74"]
[EventDate "2021.??.??"]

1. e4 c6 2. d4 d5 3. e5 Bf5 4. Nc3 e6 5. g4 Bg6 6. Nge2 c5 7. h4 h5 8. Nf4 Bh7
9. g5 cxd4 10. Nb5 Be4 11. f3 Bf5 12. Nxd4 Ne7 13. Nxf5 Nxf5 14. Bd3 Qc7 15.
Bxf5 Qxe5+ 16. Qe2 Qxf5 17. Qb5+ Nd7 18. Qxb7 Rd8 19. Qxa7 Qxc2 20. Qf2 Qf5 21.
Qe2 Bd6 22. Nd3 O-O 23. O-O Ne5 24. Nxe5 Bxe5 25. Be3 Rb8 26. Rab1 Rfc8 27. f4
Bd6 28. Qf3 Rc2 29. b4 Rc3 30. Rbc1 Ra3 31. Rfd1 Rxe3 32. Qxe3 Qg4+ 33. Kf1
Bxf4 34. Qa7 Qh3+ 35. Ke2 Rxb4 36. Rc8+ Kh7 37. Qxf7 Rb2+ 0-1

[Event "OLNN 2122 Lübecker SV - Preetzer TSV"]
[Site "?"]
[Date "2021.11.21"]
[Round "2.4"]
[White "Ehrke, Michael"]
[Black "Schwarz, Frank"]
[Result "0-1"]
[WhiteElo "2243"]
[BlackElo "2224"]
[PlyCount "70"]
[EventDate "2021.??.??"]

1. d4 Nf6 2. Bf4 e6 3. e3 d5 4. c3 Bd6 5. Bg3 c5 6. Nd2 Qc7 7. Bd3 Nbd7 8. Bxd6
Qxd6 9. f4 cxd4 10. cxd4 b6 11. Ngf3 Bb7 12. Ne5 O-O 13. O-O Ne4 14. Ndf3 Nb8
15. Qe2 f6 16. Ng4 a6 17. Rfc1 Nc6 18. a3 Qd7 19. Bxe4 dxe4 20. Nd2 Rad8 21.
Rc2 Rf7 22. Rac1 Qd5 23. Qc4 Qf5 24. Nf2 Nxd4 25. Rc3 b5 26. Qf1 Nf3+ 27. Nxf3
exf3 28. g3 e5 29. Rc7 exf4 30. Rxf7 Kxf7 31. exf4 Kg8 32. Qe1 Qd7 33. Rd1 Re8
34. Qc3 Qe6 35. Qd4 Be4 0-1

[Event "OLNN 2122 Lübecker SV - Preetzer TSV"]
[Site "?"]
[Date "2021.11.21"]
[Round "2.5"]
[White "Moeller, Dustin"]
[Black "Lampe, Dirk"]
[Result "1-0"]
[WhiteElo "2202"]
[BlackElo "2166"]
[PlyCount "69"]
[EventDate "2021.??.??"]

1. c4 Nf6 2. d4 g6 3. Nc3 Bg7 4. e4 d6 5. Be2 O-O 6. Nf3 e5 7. Be3 exd4 8. Nxd4
Re8 9. f3 c6 10. Bf2 d5 11. exd5 cxd5 12. O-O Nc6 13. c5 Bf8 14. Kh1 Bd7 15.
Qd2 Rc8 16. Nxc6 bxc6 17. a3 Nh5 18. Ba6 Ra8 19. b4 Bg7 20. Rae1 Rxe1 21. Rxe1
Nf4 22. Qxf4 Bxc3 23. Bh4 Bd2 24. Bxd8 Bxf4 25. Bf6 Re8 26. Rxe8+ Bxe8 27. a4
Bd2 28. b5 Be3 29. Be7 cxb5 30. Bxb5 Bxb5 31. axb5 d4 32. c6 Bf4 33. Kg1 d3 34.
Kf1 Bc7 35. Bc5 1-0

[Event "OLNN 2122 Lübecker SV - Preetzer TSV"]
[Site "?"]
[Date "2021.11.21"]
[Round "2.6"]
[White "Bosselmann, Tom Linus"]
[Black "Light, Bjarne"]
[Result "0-1"]
[WhiteElo "2087"]
[BlackElo "2234"]
[PlyCount "67"]
[EventDate "2021.??.??"]

1. e4 c5 2. Nf3 Nc6 3. Nc3 e5 4. Bc4 d6 5. d3 h6 6. h3 g6 7. Be3 Bg7 8. a4 Nge7
9. Qd2 Nd4 10. Bxd4 exd4 11. Ne2 O-O 12. O-O Be6 13. Bxe6 fxe6 14. Nh2 Nc6 15.
f4 Qd7 16. g4 d5 17. Nf3 dxe4 18. dxe4 Rad8 19. Rad1 Qc7 20. Nh4 Kh7 21. Qd3
Nb4 22. Qc4 Qe7 23. Nf3 a6 24. Rd2 b5 25. axb5 axb5 26. Qxb5 Nxc2 27. Rc1 Rb8
28. Qc4 Nb4 29. Qxc5 Qb7 30. Qc7 Qxe4 31. Kg2 Nd5 32. Qd6 Rbd8 33. Qa3 d3 34.
Rxd3 0-1

[Event "OLNN 2122 Lübecker SV - Preetzer TSV"]
[Site "?"]
[Date "2021.11.21"]
[Round "2.7"]
[White "Schwarzat, Julian"]
[Black "Rietschel, Tilo"]
[Result "1-0"]
[WhiteElo "2131"]
[BlackElo "2066"]
[PlyCount "73"]
[EventDate "2021.??.??"]

1. e4 c5 2. Nf3 d6 3. d3 g6 4. g3 Bg7 5. Bg2 Nc6 6. O-O Nf6 7. Re1 O-O 8. c3
Bg4 9. h3 Bxf3 10. Qxf3 Qb6 11. Nd2 Nd7 12. Qe2 Qa6 13. f4 Rab8 14. Nf3 b5 15.
Be3 e5 16. f5 b4 17. c4 Qc8 18. g4 Nd4 19. Qd2 Qd8 20. Rf1 f6 21. h4 Qe7 22.
Bh3 gxf5 23. gxf5 Qf7 24. Bg4 h5 25. Bh3 Kh8 26. Kf2 b3 27. Bxd4 exd4 28. a3
Ne5 29. Rg1 Kh7 30. Rg6 Rh8 31. Rag1 Kg8 32. Rxg7+ Qxg7 33. Rxg7+ Kxg7 34. Nxe5
dxe5 35. Qa5 Rb7 36. Qxc5 Rd8 37. Bg2 1-0

[Event "OLNN 2122 Lübecker SV - Preetzer TSV"]
[Site "?"]
[Date "2021.11.21"]
[Round "2.8"]
[White "Bornholdt, Joa Max"]
[Black "Kornrumpf, Joachim"]
[Result "1/2-1/2"]
[WhiteElo "2142"]
[BlackElo "2043"]
[PlyCount "111"]
[EventDate "2021.??.??"]

1. e4 c5 2. Nf3 e6 3. d4 cxd4 4. Nxd4 a6 5. Nc3 Qc7 6. Qf3 Nf6 7. Bg5 Be7 8.
O-O-O O-O 9. g4 Nc6 10. Nxc6 bxc6 11. Qh3 Nd5 12. Rxd5 exd5 13. Bxe7 Re8 14.
Bc5 dxe4 15. Qe3 d5 16. f3 f5 17. gxf5 Bxf5 18. Rg1 Qf7 19. fxe4 Bxe4 20. Bd3
Bxd3 21. Qxd3 Qf4+ 22. Kb1 Qxh2 23. a3 Re6 24. Na4 Rae8 25. Ka2 Qe2 26. Bd4 g6
27. Nc5 Qxd3 28. cxd3 Re2 29. Nd7 Kf7 30. Nf6 h5 31. Nxe8 Rxe8 32. Rf1+ Kg8 33.
Rf6 Kh7 34. Rxc6 g5 35. Rd6 h4 36. Rxd5 Kg6 37. Bc3 g4 38. Bd2 g3 39. Rg5+ Kf6
40. Rg4 Re2 41. Bf4 g2 42. Bh2 h3 43. Rg3 Re1 44. Rf3+ Ke6 45. Rxh3 Rh1 46. Rg3
Rxh2 47. Kb3 Kf5 48. Rg8 Kf4 49. Kb4 Rh4 50. Rxg2 Kf3+ 51. Ka5 Kxg2 52. Kxa6
Kf3 53. b4 Ke3 54. b5 Ra4+ 55. Kb7 Rxa3 56. b6 1/2-1/2

[Event "OLNN 2122 SC Königsspringer HH - SC Di"]
[Site "?"]
[Date "2021.11.21"]
[Round "2.1"]
[White "Schulenburg, Torben"]
[Black "Pfreundt, Jakob"]
[Result "0-1"]
[WhiteElo "2200"]
[BlackElo "2395"]
[PlyCount "90"]
[EventDate "2021.??.??"]

1. d4 Nf6 2. c4 e6 3. Nc3 Bb4 4. Qc2 d5 5. cxd5 Qxd5 6. Nf3 Qf5 7. Qb3 Nc6 8.
a3 Bxc3+ 9. Qxc3 Ne4 10. Qe3 O-O 11. Qf4 Qa5+ 12. Bd2 Qd5 13. Bc3 Rd8 14. Qc1
e5 15. dxe5 Bg4 16. e3 Nxc3 17. Qxc3 Bxf3 18. gxf3 Nxe5 19. Be2 Nxf3+ 20. Bxf3
Qxf3 21. Rg1 g6 22. Qc2 Rd5 23. Rd1 Rad8 24. Rxd5 Rxd5 25. Rg3 Qh1+ 26. Ke2 c5
27. h3 c4 28. a4 a6 29. e4 Rd3 30. Re3 Rxe3+ 31. Kxe3 Qxh3+ 32. f3 Qf1 33. Kf4
Qd3 34. Qf2 b5 35. axb5 axb5 36. Ke5 c3 37. bxc3 Qxc3+ 38. Kd5 b4 39. Qb6 b3
40. e5 Qd3+ 41. Kc6 Qc4+ 42. Kb7 Qd5+ 43. Ka7 Qxf3 44. Qd8+ Kg7 45. Qd4 h5 0-1

[Event "OLNN 2122 SC Königsspringer HH - SC Di"]
[Site "?"]
[Date "2021.11.21"]
[Round "2.2"]
[White "Zimmermann, Julian"]
[Black "Schulenburg, Fabian"]
[Result "0-1"]
[WhiteElo "2287"]
[BlackElo "2293"]
[PlyCount "78"]
[EventDate "2021.??.??"]

1. e4 d5 2. exd5 Qxd5 3. Nc3 Qa5 4. d4 Nf6 5. Bc4 c6 6. Bd2 Qc7 7. Qf3 Nbd7 8.
Qg3 Qxg3 9. hxg3 Nb6 10. Bb3 Bf5 11. Nf3 Rd8 12. O-O-O h6 13. a4 e6 14. a5 Nbd5
15. Nxd5 Nxd5 16. a6 b5 17. Ne5 Rc8 18. g4 Bh7 19. g5 hxg5 20. Rde1 Be7 21. Rh2
O-O 22. c4 f6 23. cxd5 cxd5+ 24. Kd1 fxe5 25. Rxe5 Bd6 26. f3 Bxe5 27. dxe5 Rc6
28. Bxg5 Rxa6 29. Rh4 Ra1+ 30. Kd2 Rc8 31. Be3 Rb1 32. Bd4 a5 33. Bc3 Rg1 34.
g4 Rg2+ 35. Ke3 b4 36. Bd4 Bc2 37. Bxc2 Rcxc2 38. Rh1 Rge2+ 39. Kf4 Rc4 0-1

[Event "OLNN 2122 SC Königsspringer HH - SC Di"]
[Site "?"]
[Date "2021.11.21"]
[Round "2.3"]
[White "Mach, Holger"]
[Black "Rosmann, Ilja"]
[Result "1/2-1/2"]
[WhiteElo "2204"]
[BlackElo "2282"]
[PlyCount "43"]
[EventDate "2021.??.??"]

1. e4 Nc6 2. Nc3 g6 3. g3 Bg7 4. Bg2 Nd4 5. Nge2 c5 6. Nd5 e6 7. Ne3 Ne7 8. c3
Nxe2 9. Qxe2 O-O 10. O-O Rb8 11. f4 d5 12. e5 d4 13. Nc4 Bd7 14. Nd6 Nf5 15.
Ne4 Qb6 16. c4 h5 17. g4 hxg4 18. Qxg4 Bc6 19. b3 Qd8 20. Kh1 Qh4 21. Nf2 Bxg2+
22. Kxg2 1/2-1/2

[Event "OLNN 2122 SC Königsspringer HH - SC Di"]
[Site "?"]
[Date "2021.11.21"]
[Round "2.4"]
[White "Borgmeyer, Max"]
[Black "Laqua, Christian"]
[Result "1/2-1/2"]
[WhiteElo "2171"]
[BlackElo "2097"]
[PlyCount "90"]
[EventDate "2021.??.??"]

1. e4 Nf6 2. e5 Nd5 3. c4 Nb6 4. d4 d6 5. exd6 exd6 6. Be3 Be7 7. Nc3 O-O 8.
Bd3 Nc6 9. Rc1 Re8 10. Nge2 Bg4 11. O-O Bh5 12. a3 Bg5 13. Qd2 Bxe3 14. fxe3
Bg6 15. Nf4 Na5 16. Nxg6 Nb3 17. Qf2 fxg6 18. Rcd1 Qe7 19. Rde1 Rf8 20. Qe2
Rxf1+ 21. Rxf1 Re8 22. Rf3 Nc1 23. Qf1 Nxd3 24. Qxd3 c6 25. e4 Nd7 26. Rf1 Rf8
27. Rxf8+ Qxf8 28. Qf3 Qf6 29. Ne2 Qe6 30. b3 Nf6 31. Nc3 Nd7 32. Qf4 Qf6 33.
Ne2 Qxf4 34. Nxf4 Kf7 35. Kf2 Nf6 36. Kf3 g5 37. Nd3 Nd7 38. e5 dxe5 39. dxe5
Ke6 40. Ke4 a5 41. Kd4 b6 42. b4 axb4 43. axb4 Nf8 44. Nf2 Nd7 45. Nd3 Nf8
1/2-1/2

[Event "OLNN 2122 SC Königsspringer HH - SC Di"]
[Site "?"]
[Date "2021.11.21"]
[Round "2.5"]
[White "Gottuk, Stefan"]
[Black "Wagner, Friedrich"]
[Result "1/2-1/2"]
[WhiteElo "2160"]
[BlackElo "2131"]
[PlyCount "148"]
[EventDate "2021.??.??"]

1. e4 c6 2. Nf3 d5 3. exd5 cxd5 4. Ne5 Nf6 5. d4 g6 6. Bb5+ Nbd7 7. O-O Bg7 8.
c3 O-O 9. Nd3 Qb6 10. Ba4 Nb8 11. Re1 e6 12. Nd2 Bd7 13. Ne5 Bxa4 14. Qxa4 Rc8
15. Qb3 Qc7 16. Ndf3 Nfd7 17. Nd3 b6 18. Bf4 Qb7 19. Qd1 Nc6 20. Qd2 Nf6 21.
Bh6 Ne4 22. Qe3 Bh8 23. Ng5 Nxg5 24. Bxg5 Na5 25. Qh3 Nc4 26. Qh4 Re8 27. Bf6
Bxf6 28. Qxf6 Qe7 29. Qf4 Rac8 30. Re2 a5 31. a4 Qc7 32. Qf6 Qd8 33. Qf4 Qc7
34. Qh6 Rb8 35. h4 Qe7 36. Qf4 h5 37. g3 Rec8 38. Qh6 Nd6 39. Kg2 b5 40. axb5
Rxb5 41. Ne5 Nf5 42. Qd2 Qd8 43. Ra2 Kg7 44. Nd3 Qf6 45. Qf4 Rc6 46. Ne5 Rd6
47. Re1 Qd8 48. Rea1 Ra6 49. Nd3 Qe8 50. Nc5 Ra7 51. Qe5+ Kh7 52. Qf6 Qe7 53.
Qxe7 Nxe7 54. b4 Nc6 55. Nb3 Rc7 56. Nxa5 Nxa5 57. Rxa5 Rxa5 58. bxa5 Rxc3 59.
a6 Rc8 60. Kf3 Kg7 61. Kf4 f6 62. a7 Ra8 63. Ke3 Kf7 64. Ra6 Ke7 65. Kd3 g5 66.
Kc3 gxh4 67. gxh4 Kd7 68. Kb4 e5 69. Rxf6 exd4 70. Kc5 d3 71. Rd6+ Ke7 72. Rxd5
Rxa7 73. Rxd3 Ra5+ 74. Kb4 Rf5 1/2-1/2

[Event "OLNN 2122 SC Königsspringer HH - SC Di"]
[Site "?"]
[Date "2021.11.21"]
[Round "2.6"]
[White "Lampe, Joerg"]
[Black "Rieling, Thomas"]
[Result "1/2-1/2"]
[WhiteElo "2129"]
[BlackElo "2069"]
[PlyCount "138"]
[EventDate "2021.??.??"]

1. e4 e5 2. Nf3 Nc6 3. d4 exd4 4. Nxd4 Nf6 5. Nc3 Bb4 6. Nxc6 bxc6 7. Bd3 d5 8.
exd5 cxd5 9. O-O O-O 10. Bg5 c6 11. Qf3 Be7 12. h3 Be6 13. Rfd1 Rb8 14. b3 Re8
15. Ne2 h6 16. Bf4 Bd6 17. Nd4 Rc8 18. c4 Bxf4 19. Qxf4 Nh5 20. Qf3 Qg5 21. Re1
Nf4 22. Kf1 Bd7 23. c5 Qf6 24. Rad1 Rxe1+ 25. Kxe1 Qe7+ 26. Kf1 Nxd3 27. Qxd3
Qxc5 28. Qd2 Qd6 29. b4 Qh2 30. f3 Re8 31. Re1 Rxe1+ 32. Qxe1 Qh1+ 33. Kf2
Qxe1+ 34. Kxe1 Kf8 35. Kd2 Ke7 36. h4 Kd6 37. f4 c5 38. bxc5+ Kxc5 39. Kc3 g6
40. g3 Bg4 41. a3 Bd1 42. Kd3 a6 43. Kc3 Bg4 44. Kd3 Bf5+ 45. Kc3 Be4 46. Nb3+
Kd6 47. Kd4 Bf3 48. Ke3 Bd1 49. Nd4 Kc5 50. Kd3 Ba4 51. Kc3 Bb5 52. Nb3+ Kd6
53. Nd4 Bf1 54. Kd2 f6 55. Kc3 Bh3 56. Kd3 Bf5+ 57. Kc3 Be4 58. Kd2 g5 59. hxg5
fxg5 60. fxg5 hxg5 61. Ke3 Ke5 62. Nb3 Kf5 63. Nd4+ Kg4 64. Kf2 Bd3 65. Nc6 Bb5
66. Nd4 Bc4 67. Nc6 Kf5 68. Ke3 g4 69. Kd4 Ke6 1/2-1/2

[Event "OLNN 2122 SC Königsspringer HH - SC Di"]
[Site "?"]
[Date "2021.11.21"]
[Round "2.8"]
[White "Raider, Eugen"]
[Black "Apitzsch, Leon Fabian"]
[Result "1/2-1/2"]
[WhiteElo "2005"]
[BlackElo "1989"]
[PlyCount "155"]
[EventDate "2021.??.??"]

1. e4 c5 2. b4 cxb4 3. Bb2 d5 4. exd5 Qxd5 5. d4 Nc6 6. c4 bxc3 7. Nxc3 Qa5 8.
d5 Ne5 9. Qd4 f6 10. f4 Nd7 11. Nf3 Nh6 12. Qd2 a6 13. Nd4 Nc5 14. Nb3 Nxb3 15.
axb3 Qd8 16. Bc4 Nf5 17. O-O Nd6 18. h3 g6 19. Ba3 Bg7 20. Bxd6 Qxd6 21. Bb5+
Bd7 22. Bxd7+ Qxd7 23. Na4 Qd6 24. Qd4 Rc8 25. Rac1 O-O 26. Nb6 f5 27. Qe3 Rcd8
28. Rfd1 Kh8 29. Nc4 Qd7 30. Ne5 Qd6 31. Nc4 Qd7 32. Ne5 Qd6 33. h4 Bf6 34. Kh2
Kg8 35. Nc4 Qb4 36. g3 Rc8 37. Ne5 Kg7 38. Rc4 Rxc4 39. bxc4 Rd8 40. Rd3 Qb2+
41. Rd2 Qb4 42. h5 e6 43. h6+ Kf8 44. Re2 Qd6 45. Rb2 exd5 46. Rxb7 d4 47. Qe1
Bxe5 48. fxe5 Qc5 49. e6 Re8 50. Rf7+ Kg8 51. Rg7+ Kh8 52. e7 Qd6 53. c5 Qf6
54. Kg2 g5 55. c6 Qxc6+ 56. Kg1 Qxh6 57. Rf7 Kg8 58. Rxf5 Qg6 59. Qe5 Rxe7 60.
Qd5+ Qe6 61. Rxg5+ Kf8 62. Rf5+ Kg8 63. Rg5+ Kf8 64. Qf3+ Rf7 65. Qa3+ Qe7 66.
Qxe7+ Kxe7 67. Rd5 Rf3 68. Kg2 Rd3 69. Rh5 Ra3 70. Rxh7+ Kd6 71. Rh5 a5 72. Kf2
Kc6 73. g4 Kb6 74. Rd5 d3 75. Ke3 Kc6 76. Rxd3 Rxd3+ 77. Kxd3 Kd5 78. g5
1/2-1/2

[Event "OLNN 2122 SF Schwerin - SK Johanneum Ep"]
[Site "?"]
[Date "2021.11.21"]
[Round "2.1"]
[White "von Gleich, Alexander"]
[Black "Hilwerda, Jonas"]
[Result "1/2-1/2"]
[WhiteElo "2335"]
[BlackElo "2287"]
[PlyCount "25"]
[EventDate "2021.??.??"]

1. Nf3 Nf6 2. c4 g6 3. Nc3 Bg7 4. e4 d6 5. d4 O-O 6. Be2 e5 7. dxe5 dxe5 8.
Qxd8 Rxd8 9. Bg5 Re8 10. O-O-O Na6 11. Ne1 Nc5 12. f3 c6 13. Nc2 1/2-1/2

[Event "OLNN 2122 SF Schwerin - SK Johanneum Ep"]
[Site "?"]
[Date "2021.11.21"]
[Round "2.2"]
[White "Schulz, Karsten"]
[Black "Schroeder, Christoph"]
[Result "1-0"]
[WhiteElo "2297"]
[BlackElo "2163"]
[PlyCount "81"]
[EventDate "2021.??.??"]

1. Nf3 d5 2. g3 Nf6 3. Bg2 e6 4. O-O Be7 5. c4 dxc4 6. Na3 O-O 7. Nxc4 b6 8.
Nfe5 Nd5 9. e4 Nf6 10. d4 Bb7 11. Qc2 Nbd7 12. Rd1 Qc8 13. Be3 Nxe5 14. Nxe5 c5
15. d5 Rd8 16. Bh3 Qc7 17. Nxf7 Kxf7 18. Bxe6+ Kf8 19. f4 g6 20. Bd4 Kg7 21.
Be5 Bd6 22. Bxf6+ Kxf6 23. Qc3+ Ke7 24. e5 Kf8 25. exd6 Qg7 26. Qe5 Bc8 27. Re1
Bd7 28. Re3 Bb5 29. Rae1 Re8 30. Rf3 Rad8 31. f5 Qxe5 32. fxg6+ Kg7 33. Rxe5
hxg6 34. Rf7+ Kh6 35. Rxa7 Rxd6 36. Re4 Rf8 37. Rh4+ Kg5 38. Rah7 Rf1+ 39. Kg2
Rb1 40. Rf4 Rxb2+ 41. Kf3 1-0

[Event "OLNN 2122 SF Schwerin - SK Johanneum Ep"]
[Site "?"]
[Date "2021.11.21"]
[Round "2.3"]
[White "Zart, Ruediger"]
[Black "Reichmann, Hendrik"]
[Result "1/2-1/2"]
[WhiteElo "2123"]
[BlackElo "2348"]
[PlyCount "91"]
[EventDate "2021.??.??"]

1. e4 g6 2. d4 Bg7 3. Nc3 d6 4. Nf3 a6 5. a4 Nf6 6. Be2 O-O 7. O-O Nc6 8. d5
Nb8 9. h3 e5 10. dxe6 Bxe6 11. Bg5 h6 12. Bh4 Nc6 13. Qd2 Re8 14. Rfe1 g5 15.
Bg3 d5 16. exd5 Nxd5 17. Nxd5 Qxd5 18. Qxd5 Bxd5 19. c3 Re7 20. Bd3 Rae8 21.
Kf1 Ne5 22. Nxe5 Bxe5 23. Bxe5 Rxe5 24. Rxe5 Rxe5 25. a5 c5 26. Rd1 c4 27. Bc2
Bc6 28. Ra1 Rb5 29. Ra2 Kg7 30. f3 Kf6 31. Bd1 Ke5 32. Be2 Rc5 33. Kf2 f5 34.
Ra1 h5 35. Re1 Kf6 36. Rd1 Bd5 37. Rd4 Ke5 38. h4 g4 39. fxg4 fxg4 40. g3 Rxa5
41. Bxc4 Bc6 42. Rd1 Rc5 43. Re1+ Kf5 44. Bd3+ Kf6 45. Ke3 a5 46. Kd4 1/2-1/2

[Event "OLNN 2122 SF Schwerin - SK Johanneum Ep"]
[Site "?"]
[Date "2021.11.21"]
[Round "2.4"]
[White "Wolf, Christoph"]
[Black "Johannsen, Dennis"]
[Result "1/2-1/2"]
[WhiteElo "2209"]
[BlackElo "2119"]
[PlyCount "42"]
[EventDate "2021.??.??"]

1. e4 c6 2. d4 d5 3. e5 Bf5 4. c4 e6 5. Nc3 dxc4 6. Bxc4 Nd7 7. Nge2 Nb6 8. Bb3
Ne7 9. O-O Ned5 10. Ng3 Be7 11. Nxf5 exf5 12. a4 a5 13. Qf3 Qd7 14. Bd2 O-O 15.
Rad1 g6 16. Rfe1 Rfd8 17. h3 Nc7 18. g4 Ne6 19. Be3 fxg4 20. hxg4 Nd5 21. Ne4
Ra6 1/2-1/2

[Event "OLNN 2122 SF Schwerin - SK Johanneum Ep"]
[Site "?"]
[Date "2021.11.21"]
[Round "2.5"]
[White "Keyser, Robin"]
[Black "Grahl, Arvid"]
[Result "1-0"]
[WhiteElo "2069"]
[BlackElo "2174"]
[PlyCount "107"]
[EventDate "2021.??.??"]

1. d4 Nf6 2. c4 g6 3. g3 Bg7 4. Bg2 O-O 5. Nc3 d6 6. Nf3 Nc6 7. O-O a6 8. b3
Rb8 9. d5 Na5 10. Bg5 h6 11. Bd2 c5 12. dxc6 Nxc6 13. Rc1 Bd7 14. Nd5 Kh7 15.
Bc3 Nxd5 16. cxd5 Ne5 17. Nd4 Rc8 18. Qd2 Qb6 19. h3 f5 20. Kh2 Rc5 21. f4 Nf7
22. Ne6 Bxe6 23. Bxg7 Kxg7 24. Qd4+ Kh7 25. dxe6 Nd8 26. b4 Rb5 27. Qxb6 Rxb6
28. Rc7 Kg7 29. Rxe7+ Kf6 30. Rh7 Kxe6 31. a3 Kf6 32. Rc1 Rf7 33. Rxf7+ Kxf7
34. Rc7+ Kf6 35. Rd7 Ne6 36. Rxb7 Rxb7 37. Bxb7 Nc7 38. e4 fxe4 39. Bxe4 Nb5
40. Bb7 Nxa3 41. Bxa6 Nc2 42. b5 Nb4 43. Kg2 d5 44. Kf3 d4 45. Bb7 g5 46. Be4
gxf4 47. gxf4 Ke6 48. b6 Kd6 49. b7 Na6 50. Ke2 Kc7 51. Kd3 Nc5+ 52. Kxd4 Nxb7
53. Bxb7 Kxb7 54. Ke5 1-0